000 00958cam a22003133a 4500
001 21549
003 PGUSA
005 20140828083447.0
008 070521s2007||||xxu|||||s|||||000 1 eng d
040 _aPGUSA
_beng
042 _adc
050 4 _aPR
100 1 _aMarryat, Frederick,
_d1792-1848
245 1 0 _aJacob Faithful
_h[electronic resource] /
_cFrederick Marryat
260 _bProject Gutenberg,
_c2007
506 _aPublic domain in the USA.
516 _aElectronic text
653 _aThames River (England) -- Fiction
653 _aSeafaring life -- Fiction
653 _aSea stories
653 _aGreat Britain. Royal Navy -- Officers -- Fiction
653 _aOrphans -- Fiction
653 _aBarges -- Fiction
653 _aPicaresque literature
653 _aGreat Britain -- History, Naval -- 19th century -- Fiction
830 0 _aProject Gutenberg
_v21549
856 4 0 _uhttp://www.gutenberg.org/ebooks/21549
942 _cEB
999 _c250804
_d250804